Top 50 Most Wins By any NCAA College Football Team All Time - Statistics

General Stats
  • This quiz has been taken 2,986 times
  • The average score is 25 of 51
Answer Stats
Rank Division Wins Team % Correct
7 FBS 864 Alabama
96%
1 FBS 925 Michigan
93%
30 FBS 701 Florida
86%
4 FBS 886 Texas
86%
15 FBS 787 Georgia
83%
8 FBS 861 Oklahoma
82%
13 FBS 813 USC
82%
6 FBS 875 Ohio State
80%
2 FBS 892 Notre Dame
77%
11 FCS 837 Penn
75%
16 FBS 770 LSU
74%
42 FBS 673 Miami (OH)
71%
5 FBS 880 Nebraska
70%
19 FBS 741 Auburn
69%
28 FBS 703 Clemson
69%
12 FBS 820 Tennessee
68%
27 FBS 703 Washington
66%
9 FCS 857 Harvard
65%
22 FBS 717 Texas A&M
65%
3 FCS 890 Yale
65%
43 FBS 673 Wisconsin
62%
10 FBS 856 Penn State
60%
37 FBS 681 Michigan State
59%
24 FBS 714 Georgia Tech
56%
29 FBS 702 Arkansas
53%
41 FBS 674 Minnesota
53%
14 FCS 809 Princeton
53%
35 FBS 685 Colorado
51%
45 FBS 663 Army
50%
32 FBS 692 Navy
50%
21 FBS 718 Virginia Tech
50%
39 FBS 678 North Carolina
48%
25 FBS 712 Syracuse
46%
48 FBS 658 Missouri
45%
20 FBS 727 West Virginia
45%
50 (T) FBS 652 Utah
44%
49 FBS 655 Ole Miss
41%
31 FCS 694 North Dakota State
37%
26 FBS 704 Pittsburgh
36%
36 FCS 685 Dartmouth
27%
17 Div. 3 755 Mount Union
14%
38 FCS 678 Delaware
12%
44 FCS 670 Lafayette
8%
40 FCS 677 Lehigh
7%
46 FCS 659 Dayton
5%
33 Div. 2 687 Pittsburgh State
3%
47 Div. 2 658 Tuskegee
2%
50 (T) Div. 3 652 Wabash
2%
23 Div. 3 715 Washington & Jefferson
2%
34 Div. 3 686 Widener
2%
18 Div. 3 744 Wittenberg
2%
No matching quizzes found
Score Distribution
Percent of People with Each Score
Percentile by Number Answered
Your Score History
You have not taken this quiz